[Event "Andorra op 36th"]
[Site "Escaldes"]
[Date "2018.07.29"]
[Round "9"]
[White "Romero Pallares, Daniel"]
[Black "Baquedano Coarasa, Pablo"]
[Result "1/2-1/2"]
[WhiteElo "2202"]
[BlackElo "2055"]
[PlyCount "55"]
[EventDate "2018.07.21"]
[EventType "swiss"]
[EventRounds "9"]
[EventCountry "AND"]
[SourceTitle "CBM 185 Extra"]
[Source "ChessBase"]
[SourceDate "2018.07.29"]
[SourceVersion "1"]
[SourceVersionDate "2018.07.29"]
[SourceQuality "1"]

1. d4 Nf6 2. Bg5 e6 3. e4 h6 4. Bxf6 Qxf6 5. c3 d6 6. Bd3 Nd7 7. Ne2 g6 8. 0-0 Bg7 9. f4 0-0 10. Nd2 Qe7 11. e5 Rd8 12. Qc2 c5 13. Nc4 d5 14. Nd6 c4 15. Bxg6 fxg6 16. Qxg6 Nf8 17. Qh5 Bd7 18. g4 Be8 19. Qh3 Rxd6 20. exd6 Qxd6 21. Rae1 Nh7 22. Ng3 Bf7 23. Qg2 Bf6 24. Re3 Re8 25. Qh3 Bg7 26. Qg2 Bf6 27. Qh3 Bg7 28. Qg2 1/2-1/2

[Event "Aragon-chT Honor Gr II"]
[Site "Aragon"]
[Date "2018.02.03"]
[Round "2.24"]
[White "Baquedano Coarasa, Pablo"]
[Black "Fabre Perez, Jose Maria"]
[Result "0-1"]
[WhiteElo "2156"]
[BlackElo "1943"]
[PlyCount "98"]
[EventDate "2018.01.27"]
[EventType "team-tourn"]
[EventRounds "7"]
[EventCountry "ESP"]
[SourceTitle "EXT 2019"]
[Source "ChessBase"]
[SourceDate "2018.10.10"]
[SourceVersion "1"]
[SourceVersionDate "2018.10.10"]
[SourceQuality "1"]
[WhiteTeam "Palacio de Pioneros"]
[BlackTeam "Marcos Frechin"]
[WhiteTeamCountry "ESP"]
[BlackTeamCountry "ESP"]

1. d4 d5 2. Bf4 c5 3. e3 Nc6 4. c3 Nf6 5. Nd2 e6 6. Ngf3 Bd6 7. Bg3 Qe7 8. Bd3 e5 9. dxe5 Nxe5 10. Nxe5 Bxe5 11. Bb5+ Bd7 12. Bxd7+ Nxd7 13. Qb3 Bxg3 14. hxg3 0-0-0 15. 0-0-0 Ne5 16. Nf3 Kb8 17. Qa4 Rd6 18. Rh5 f6 19. Nxe5 fxe5 20. Qh4 Qxh4 21. gxh4 Re8 22. Rxh7 Re7 23. g4 Rf7 24. Rd2 d4 25. exd4 cxd4 26. Kc2 d3+ 27. Kc1 e4 28. b3 Rdf6 29. Rh8+ Kc7 30. Re8 Rf4 31. g5 Kd7 32. Re5 Kd6 33. Re8 Rxh4 34. c4 Rf5 35. g6 Rf6 36. Kb2 Rhf4 37. Kc3 Rxg6 38. Kd4 Re6 39. c5+ Kd7 40. Rxe6 Kxe6 41. f3 exf3+ 42. Ke3 f2 43. Rxf2 Rxf2 44. Kxf2 Kd5 45. Ke3 Kxc5 46. a3 g5 47. Kxd3 g4 48. Ke4 g3 49. b4+ Kc4 0-1

[Event "Aragon-chT Honor GrB"]
[Site "Aragon"]
[Date "2017.03.11"]
[Round "7.29"]
[White "Del Rey, Diego"]
[Black "Baquedano Coarasa, Pablo"]
[Result "1-0"]
[WhiteElo "2356"]
[BlackElo "2214"]
[PlyCount "55"]
[EventDate "2017.01.28"]
[EventType "team-tourn"]
[EventRounds "7"]
[EventCountry "ESP"]
[SourceTitle "EXT 2018"]
[Source "ChessBase"]
[SourceDate "2017.10.13"]
[SourceVersion "1"]
[SourceVersionDate "2017.10.13"]
[SourceQuality "1"]
[WhiteTeam "El Olivar"]
[BlackTeam "Palacio de Pioneros"]
[WhiteTeamCountry "ESP"]
[BlackTeamCountry "ESP"]

1. e4 c5 2. Nf3 d6 3. Bb5+ Bd7 4. Bxd7+ Qxd7 5. 0-0 Nf6 6. e5 dxe5 7. Nxe5 Qc8 8. d4 e6 9. Nc3 Be7 10. d5 exd5 11. Nxd5 Nxd5 12. Qxd5 0-0 13. Bf4 Nc6 14. Rfe1 Nb4 15. Qe4 Bf6 16. a3 Bxe5 17. Bxe5 Nc6 18. Bd6 Rd8 19. Bxc5 Qc7 20. h4 Rac8 21. Rad1 Rxd1 22. Rxd1 h6 23. Rd5 a6 24. c4 Na5 25. Qg4 Nb3 26. Be3 Qxc4 27. Rd8+ Kh7 28. Qxc8 1-0

[Event "Aragon-chT Honor GrB"]
[Site "Aragon"]
[Date "2017.02.18"]
[Round "4.25"]
[White "Baquedano Coarasa, Pablo"]
[Black "Cebrian Valverde, Jose Antonio"]
[Result "0-1"]
[WhiteElo "2214"]
[BlackElo "2137"]
[PlyCount "100"]
[EventDate "2017.01.28"]
[EventType "team-tourn"]
[EventRounds "7"]
[EventCountry "ESP"]
[SourceTitle "EXT 2018"]
[Source "ChessBase"]
[SourceDate "2017.10.13"]
[SourceVersion "1"]
[SourceVersionDate "2017.10.13"]
[SourceQuality "1"]
[WhiteTeam "Palacio de Pioneros"]
[BlackTeam "San Jose"]
[WhiteTeamCountry "ESP"]
[BlackTeamCountry "ESP"]

1. d4 d5 2. c4 e6 3. Nc3 Be7 4. Nf3 Nf6 5. e3 0-0 6. b3 b6 7. Be2 Bb7 8. 0-0 Nbd7 9. Bb2 Rc8 10. Rc1 dxc4 11. bxc4 Ne4 12. Bd3 Ndf6 13. Ne5 c5 14. Qc2 Nxc3 15. Bxc3 Qc7 16. a4 h6 17. a5 Rfd8 18. axb6 axb6 19. Rb1 Nd7 20. Bh7+ Kf8 21. Nxf7 Kxf7 22. Qg6+ Kf8 23. Qxe6 Nf6 24. Bg6 Bd6 25. dxc5 Qe7 26. Qxe7+ Bxe7 27. cxb6 Rxc4 28. Be5 Rg4 29. g3 Rxg6 30. Rfc1 Nd5 31. e4 Nb4 32. Bc7 Ra8 33. Ra1 Rxa1 34. Rxa1 Na6 35. e5 Rc6 36. Rb1 Nxc7 37. bxc7 Rxc7 38. h4 Bc5 39. g4 Ke7 40. Rb2 Ke6 41. Kh2 Bd4 42. Re2 Bf3 43. Re1 Bxf2 44. Rf1 Rc2 45. Kh3 Kxe5 46. h5 Kf4 47. g5 hxg5 48. h6 g4+ 49. Kh2 Bg3+ 50. Kg1 Bh2# 0-1

[Event "ESP-ch U14"]
[Site "Granada"]
[Date "2016.07.15"]
[Round "7"]
[White "Alonso Garcia, Aaron"]
[Black "Baquedano Coarasa, Pablo"]
[Result "0-1"]
[WhiteElo "2062"]
[BlackElo "1949"]
[PlyCount "95"]
[EventDate "2016.07.11"]
[EventType "swiss"]
[EventRounds "9"]
[EventCountry "ESP"]
[SourceTitle "EXT 2024"]
[Source "ChessBase"]
[SourceDate "2023.10.10"]
[SourceVersion "1"]
[SourceVersionDate "2023.10.10"]
[SourceQuality "1"]

1. e4 c5 2. Nc3 d6 3. f4 Nc6 4. Nf3 g6 5. Bc4 Bg7 6. 0-0 e6 7. d3 Nge7 8. f5 0-0 9. fxe6 Bxe6 10. Bb3 Bxb3 11. axb3 d5 12. exd5 Nxd5 13. Ne4 h6 14. Kh1 b6 15. c3 Qc7 16. Bd2 f5 17. Ng3 Kh7 18. Qc2 Rae8 19. Rae1 Ne5 20. c4 Nxf3 21. gxf3 Nf4 22. Bc3 Qd7 23. Ne2 Qxd3 24. Qxd3 Nxd3 25. Rd1 Re3 26. Ng3 Bxc3 27. bxc3 Rfe8 28. Kg1 h5 29. Ne2 R8e7 30. Rd2 Ne5 31. Kg2 Nxc4 32. bxc4 Rxf3 33. Rf2 Rxf2+ 34. Kxf2 Kh6 35. Rd6 Kg5 36. Kf3 h4 37. Rc6 Rd7 38. Ke3 f4+ 39. Kf2 Re7 40. h3 Re3 41. Kg2 Re6 42. Kf2 Rf6 43. Kg2 Rd6 44. Kg1 Rd2 45. Kh1 Ra2 46. Kh2 Ra4 47. Kg2 f3+ 48. Kf2 0-1

[Event "Estadilla op 30th rapid"]
[Site "Estadilla"]
[Date "2016.05.22"]
[Round "2"]
[White "Baquedano Coarasa, Pablo"]
[Black "Cifuentes Parada, Roberto"]
[Result "0-1"]
[WhiteElo "1962"]
[BlackElo "2434"]
[PlyCount "82"]
[EventDate "2016.05.22"]
[EventType "swiss (rapid)"]
[EventRounds "9"]
[EventCountry "ESP"]
[SourceTitle "EXT 2018"]
[Source "ChessBase"]
[SourceDate "2017.10.13"]
[SourceVersion "1"]
[SourceVersionDate "2017.10.13"]
[SourceQuality "1"]

1. d4 d6 2. Nf3 g6 3. c4 Bg7 4. Nc3 e5 5. e4 Nc6 6. Be3 exd4 7. Nxd4 Nge7 8. Be2 0-0 9. 0-0 f5 10. exf5 Bxd4 11. Bxd4 Nxf5 12. Be3 Nxe3 13. fxe3 Rxf1+ 14. Qxf1 Be6 15. Nd5 Bxd5 16. cxd5 Ne5 17. Rc1 Qe7 18. Rc3 c5 19. dxc6 bxc6 20. a3 Rf8 21. Qe1 h5 22. h4 c5 23. Qg3 Kh7 24. b3 a5 25. Bd1 Qf6 26. Be2 Ng4 27. Rc1 Qb2 28. Re1 Ne5 29. Qg5 Qxb3 30. Rf1 Rxf1+ 31. Bxf1 Qf7 32. Be2 c4 33. Qd8 Qa7 34. Qxd6 Qxe3+ 35. Kf1 Qf4+ 36. Bf3 Qc1+ 37. Kf2 Nd3+ 38. Kg3 Qe1+ 39. Kh3 Qe5 40. Qd7+ Kh6 41. Qc8 Nf2# 0-1

[Event "Aragon-chT Preferente A"]
[Site "Aragon"]
[Date "2016.03.19"]
[Round "8.40"]
[White "Escartin Buisan, Francisco Javier"]
[Black "Baquedano Coarasa, Pablo"]
[Result "0-1"]
[WhiteElo "1815"]
[BlackElo "2031"]
[PlyCount "96"]
[EventDate "2016.01.30"]
[EventType "team-tourn"]
[EventRounds "9"]
[EventCountry "ESP"]
[SourceTitle "EXT 2018"]
[Source "ChessBase"]
[SourceDate "2017.10.13"]
[SourceVersion "1"]
[SourceVersionDate "2017.10.13"]
[SourceQuality "1"]
[WhiteTeam "Sabinanigo"]
[BlackTeam "Palacio de Pioneros"]
[WhiteTeamCountry "ESP"]
[BlackTeamCountry "ESP"]

1. c4 e5 2. Nc3 Nc6 3. g3 f5 4. Bg2 Nf6 5. e3 g6 6. Nge2 Bg7 7. 0-0 0-0 8. b3 d6 9. Bb2 Ne7 10. d4 e4 11. h3 g5 12. Qd2 Ng6 13. f4 exf3 14. Bxf3 Re8 15. Rae1 c6 16. Bg2 h5 17. Nc1 d5 18. Nd3 Ne4 19. Nxe4 dxe4 20. Nc1 Qd6 21. Ne2 Be5 22. c5 Qd8 23. Rd1 Bc7 24. d5 cxd5 25. Qxd5+ Qxd5 26. Rxd5 Be6 27. Rd2 Rf8 28. Rc2 Ne5 29. Bxe5 Bxe5 30. Kh2 Rfd8 31. b4 Rd3 32. c6 Rc8 33. Nd4 Bxd4 34. cxb7 Rb8 35. exd4 Rxd4 36. Rc6 Kf7 37. Rc7+ Kf6 38. b5 Bd5 39. Rd7 Ke6 40. Rh7 Rxb7 41. Rxh5 Rg7 42. Rh6+ Ke5 43. Rh8 Rd2 44. Kg1 Rc7 45. Re8+ Be6 46. Rf2 e3 47. Rxd2 exd2 48. Rd8 Rc1+ 0-1

[Event "Amposta Balague Memorial 1st"]
[Site "Amposta"]
[Date "2014.07.25"]
[Round "4"]
[White "Reig Albero, Ferran"]
[Black "Baquedano Coarasa, Pablo"]
[Result "1-0"]
[WhiteElo "2092"]
[BlackElo "1707"]
[PlyCount "45"]
[EventDate "2014.07.24"]
[EventType "swiss"]
[EventRounds "7"]
[EventCountry "ESP"]
[SourceTitle "CBM 161 Extra"]
[Source "ChessBase"]
[SourceDate "2014.08.29"]
[SourceVersion "1"]
[SourceVersionDate "2014.08.29"]
[SourceQuality "1"]

1. e4 c5 2. Nf3 d6 3. d4 cxd4 4. Nxd4 Nf6 5. Nc3 a6 6. f4 e5 7. Nf3 Nbd7 8. Bd3 Be7 9. 0-0 0-0 10. Kh1 Qc7 11. Qe1 Nc5 12. fxe5 dxe5 13. Qg3 Re8 14. Bg5 Nh5 15. Qh4 Nf4 16. Bxe7 Ng6 17. Nd5 Qb8 18. Qh5 Nxd3 19. cxd3 Nxe7 20. Ng5 Be6 21. Nxe7+ Rxe7 22. Qxh7+ Kf8 23. Qh8# 1-0

[Event "Amposta Balague Memorial 1st"]
[Site "Amposta"]
[Date "2014.07.24"]
[Round "2"]
[White "Panella Navarro, Sergi"]
[Black "Baquedano Coarasa, Pablo"]
[Result "1-0"]
[WhiteElo "2164"]
[BlackElo "1707"]
[PlyCount "73"]
[EventDate "2014.07.24"]
[EventType "swiss"]
[EventRounds "7"]
[EventCountry "ESP"]
[SourceTitle "CBM 161 Extra"]
[Source "ChessBase"]
[SourceDate "2014.08.29"]
[SourceVersion "1"]
[SourceVersionDate "2014.08.29"]
[SourceQuality "1"]

1. e4 c5 2. Nf3 d6 3. d4 cxd4 4. Nxd4 Nf6 5. Nc3 a6 6. Be3 e6 7. f3 Be7 8. Qd2 Bd7 9. 0-0-0 Nc6 10. g4 Qc7 11. Kb1 b5 12. g5 Nh5 13. Nce2 Ne5 14. Ng3 Nxg3 15. hxg3 Nc4 16. Bxc4 bxc4 17. c3 f6 18. gxf6 Bxf6 19. Bg5 0-0 20. g4 Qc5 21. Bxf6 Rxf6 22. g5 Rff8 23. Qh2 Qxg5 24. Rdg1 Qf6 25. Qxh7+ Kf7 26. Qh5+ Ke7 27. Rg6 Qe5 28. Rxe6+ Qxe6 29. Nxe6 Bxe6 30. Qg5+ Kd7 31. Qxg7+ Rf7 32. Qg6 Raf8 33. Rh6 Re7 34. Qg1 Rxf3 35. Qa7+ Kd8 36. Rh8+ Re8 37. Qb8+ 1-0